<?xml version="1.0" encoding="UTF-8"?>
<record
    xmlns:xsi="http://www.w3.org/2001/XMLSchema-instance"
    xsi:schemaLocation="http://www.loc.gov/MARC21/slim http://www.loc.gov/standards/marcxml/schema/MARC21slim.xsd"
    xmlns="http://www.loc.gov/MARC21/slim">

  <leader>00370nam a2200121 a 4500</leader>
  <datafield tag="082" ind1="0" ind2="0">
    <subfield code="a">305.608097 KIN</subfield>
  </datafield>
  <datafield tag="100" ind1=" " ind2=" ">
    <subfield code="a">Kinyau, Marco Philip</subfield>
  </datafield>
  <datafield tag="245" ind1=" " ind2=" ">
    <subfield code="a">Fostering Mutual Understanding Between Christians and Muslims Through Dialogue in Tanzania</subfield>
  </datafield>
  <datafield tag="260" ind1=" " ind2=" ">
    <subfield code="a">Hyderabad</subfield>
    <subfield code="b">Henry Martyn Institute</subfield>
    <subfield code="c">1999</subfield>
  </datafield>
  <datafield tag="300" ind1=" " ind2=" ">
    <subfield code="a">34</subfield>
  </datafield>
  <datafield tag="650" ind1=" " ind2=" ">
    <subfield code="a">Islam-Relations Christianity</subfield>
  </datafield>
  <datafield tag="942" ind1=" " ind2=" ">
    <subfield code="c">RRB</subfield>
  </datafield>
  <datafield tag="952" ind1=" " ind2=" ">
    <subfield code="0">0</subfield>
    <subfield code="1">0</subfield>
    <subfield code="4">0</subfield>
    <subfield code="7">0</subfield>
    <subfield code="a">HMI</subfield>
    <subfield code="b">HMI</subfield>
    <subfield code="d">2007-03-27</subfield>
    <subfield code="g">100.00</subfield>
    <subfield code="l">0</subfield>
    <subfield code="o">305.608097  KIN</subfield>
    <subfield code="p">11-957</subfield>
    <subfield code="r">2007-03-27</subfield>
    <subfield code="w">2026-01-16</subfield>
    <subfield code="y">RRB</subfield>
  </datafield>
  <datafield tag="999" ind1=" " ind2=" ">
    <subfield code="c">18640</subfield>
    <subfield code="d">18640</subfield>
  </datafield>
</record>
